Children's ideas in science
Αποθηκεύτηκε σε:
| Άλλοι συγγραφείς: | , , |
|---|---|
| Μορφή: | Βιβλίο |
| Γλώσσα: | English |
| Δημοσίευση: |
Milton Keynes, Buckinghamshire ; Philadelphia :
Open University Press,
1985
|
| Θέματα: | |
| Ετικέτες: |
Προσθήκη ετικέτας
Δεν υπάρχουν, Καταχωρήστε ετικέτα πρώτοι!
|
MARC
| LEADER | 00000nam a2200000 i 4500 | ||
|---|---|---|---|
| 001 | 1/82300 | ||
| 008 | 980923s1985 eng d | ||
| 020 | |a 0-335-15040-3 | ||
| 035 | |l 10033910 | ||
| 035 | |a 1993 |b 2 |c Μαμαλίγκα | ||
| 040 | |a GR-MY-UA |b gre |e aacr | ||
| 041 | 0 | |a eng | |
| 082 | 0 | |a 372.35044 |2 (19) | |
| 245 | 1 | 0 | |a Children's ideas in science / |c edited by Rosalind Driver, Edith Guesne, and Andree Tiberghien |
| 260 | |a Milton Keynes, Buckinghamshire ; Philadelphia : |b Open University Press, |c 1985 | ||
| 300 | |a xi, 208 p.; |b ill.; |c 23 cm | ||
| 504 | |a Includes bibliographies and index | ||
| 650 | 0 | 0 | |a Science |x Study and teaching (Secondary) |
| 700 | 1 | |a Driver, Rosalind. |4 edt | |
| 700 | 1 | |a Guesne, Edith. |4 edt | |
| 700 | 1 | |a Tiberghien, Andree. |4 edt | |
| 852 | |a INST |b RHODES |e 19980923 |h 372.35044 CHI |p 005400009615 |q 005400009615 |t BK |y 0 | ||
| 852 | |a INST |b RHODES |e 19980923 |h 372.35044 CHI |p 005400009616 |q 005400009616 |t BK |y 0 | ||
| 852 | |a INST |b RHODES |e 19980923 |h 372.35044 CHI |p 005400009617 |q 005400009617 |t BK |y 0 | ||
| 852 | |a INST |b RHODES |e 19980923 |h 372.35044 CHI |p 005400009618 |q 005400009618 |t BK |y 0 | ||
| 852 | |a INST |b RHODES |e 20000419 |h 372.35044 CHI |p N10022449 |q N10022449 |t BK |y 12 | ||
| 909 | |a Ρ |b 018237 | ||
| 909 | |a Ρ |b 027240 |c 1993 | ||
| 909 | |a Ρ |b 027241 |c 1993 | ||
| 909 | |a Ρ |b 027242 |c 1993 | ||
| 909 | |a Ρ |b 027243 |c 1993 | ||